Un enfoque interdisciplinar en la formación de los maestros

Αποθηκεύτηκε σε:
Λεπτομέρειες βιβλιογραφικής εγγραφής
Κύριος συγγραφέας: Rodríguez Marcos, Ana (Συγγραφέας)
Μορφή: Βιβλίο
Γλώσσα:Ισπανικά
Έκδοση: Madrid Narcea 1995
Σειρά:Colección Educacion Hoy
Θέματα:
Ετικέτες: Προσθήκη ετικέτας
Δεν υπάρχουν, Καταχωρήστε ετικέτα πρώτοι!

MARC

LEADER 00000nam a2200000 a 4500
001 UCR5049
003 CL-VaPUC
008 980320e19950000SP |||||||||||||||||spa|d
020 |a 8427710968 
082 0 4 |a 370.71  |b ROD  |2 21 
100 0 |a Rodríguez Marcos, Ana  |e author  |9 405708 
245 1 3 |a Un enfoque interdisciplinar en la formación de los maestros 
300 |a 255 p 
942 |c BK 
945 |d 19980320 00:00:00  |a rbrito 
260 |a Madrid  |b Narcea  |c 1995 
650 0 |a Formación profesional de profesores  |9 307493 
650 0 |a Práctica profesional  |9 358078 
650 0 |a Métodos de enseñanza  |9 270413 
650 0 |a Currículo  |9 307290 
583 |a last modification  |c 19980320 00:00:00  |k Rodrigo Vera 
490 0 |a Colección Educacion Hoy 
999 |c 267783  |d 267781 
952 |0 0  |1 0  |4 0  |6 370_710000000000000_ROD_1995  |7 0  |8 P  |9 300334  |a BIBEDU  |b BIBEDU  |c BIBEDU_PB  |d 2019-11-20  |i 3404528  |o 370.71 ROD 1995  |p 3404528  |r 2024-01-25  |w 2019-11-20  |y BK  |k EPE 
952 |0 0  |1 0  |4 0  |6 370_710000000000000_ROD_1995  |7 0  |8 P  |9 300335  |a BIBEDU  |b BIBEDU  |c BIBEDU_PB  |d 2019-11-20  |i 3473201  |o 370.71 ROD 1995  |p 3473201  |r 2024-01-25  |w 2019-11-20  |y BK  |k EPE 
952 |0 0  |1 0  |4 0  |6 370_710000000000000_ROD_1995  |7 0  |8 P  |9 300336  |a BIBEDU  |b BIBEDU  |c BIBEDU_PB  |d 2019-11-20  |i 4066030  |o 370.71 ROD 1995  |p 4066030  |r 2024-01-25  |w 2019-11-20  |y BK  |k PAR